00683nam a22001217a 4500008004100000020001500041050003100056245035200087260004700439300002300486440003600509800001600545140822b xxu||||| |||| 00| 0 eng d a0406091447 aKD277.7.L39(1881-82 vol.9) aThe Law Reports (1881-82 vol.9) Queen's bench division :Under the suprintendence and control of the incorporated council of law reporting for england and wales, supreme court of judicature cases determined in the queen's bench division and on appeal therefrom in the court of appeal and decisions on crown cases reserved. /cedited by J.R. Bulwer. aLondon:bButterworth & Co Ltd,c1881-1882. axvii,792p.:c24cm. pqueen's bench division.vvol.9. aBulwer J.R.